| 000 | 00611nam a2200241Ia 4500 | ||
|---|---|---|---|
| 003 | OSt | ||
| 005 | 20220918210232.0 | ||
| 006 | a|||||r|||| 00| 0 | ||
| 007 | ta | ||
| 008 | 220917b |||||||| |||| 00| 0 eng d | ||
| 024 | _a119,690 | ||
| 037 | _cTextual | ||
| 040 |
_aARTS _cARTS _beng |
||
| 041 |
_2eng _aeng |
||
| 082 | _aV73:24M54:N66<-M56, K4 | ||
| 100 |
_aMayer George H _9117523 |
||
| 245 | 0 | _aRepublican party, 1854-1966 | |
| 250 | _a2nd | ||
| 260 | _c1964 | ||
| 650 | _aHISTORY | ||
| 942 |
_hV73:24M54:N66<-M56, K4 _cTEXL _2CC |
||
| 999 |
_c242950 _d242950 |
||